[Event "Stockerau-Open 2010 A-Turnier"]
[Site "Stockerau"]
[Date "2010.05.13"]
[Round "1"]
[White "Ebner, Johann"]
[Black "Polak, Thomas"]
[Result "0-1"]
[WhiteElo "2047"]
[BlackElo "2500"]
[PlyCount "107"]
[EventDate "2010.05.13"]
[EventType "swiss"]
[EventCountry "AUT"]

1. d4 Nf6 2. c4 e6 3. Nf3 b6 4. g3 Bb7 5. Bg2 Bb4+ 6. Bd2 a5 7. Nc3 O-O 8. O-O
d6 9. a3 Bxc3 10. Bxc3 Nbd7 11. b4 axb4 12. axb4 b5 13. c5 Qb8 14. Re1 Be4 15.
Nd2 Bxg2 16. Kxg2 Qb7+ 17. f3 Nd5 18. Qb3 Ne7 19. e4 d5 20. Qc2 dxe4 21. Qxe4
Nd5 22. Nb3 N7f6 23. Qd3 Qc6 24. Na5 Qd7 25. Bd2 c6 26. Nb3 h6 27. Ra5 Rxa5 28.
bxa5 Ra8 29. Ra1 Ne8 30. Qe2 Nec7 31. h4 f6 32. Re1 h5 33. Qe4 Qf7 34. Qd3 Ne7
35. Qe4 Ned5 36. Qd3 Re8 37. Kf2 Ne7 38. Nc1 Nf5 39. Bc3 Qg6 40. Rg1 Nd5 41.
Bd2 Kh7 42. Ne2 Nxh4 43. Qe4 Nf5 44. Nf4 Nxf4 45. gxf4 Qf7 46. Qxc6 Nxd4 47.
Qe4+ Nf5 48. Ra1 Qd7 49. Be3 e5 50. c6 Qc8 51. Qc2 Kh8 52. Bb6 exf4 53. c7 Ng3
54. Re1 0-1

[Event "Stockerau-Open 2010 A-Turnier"]
[Site "Stockerau"]
[Date "2010.05.13"]
[Round "1"]
[White "Groetz, Harald"]
[Black "Amberger, Dieter"]
[Result "1-0"]
[WhiteElo "2332"]
[BlackElo "2063"]
[PlyCount "61"]
[EventDate "2010.05.13"]
[EventType "swiss"]
[EventCountry "AUT"]

1. e4 c5 2. Na3 Nc6 3. c3 Nf6 4. Qe2 d6 5. f4 g6 6. Nf3 Bg7 7. g3 O-O 8. Bg2
Rb8 9. O-O e5 10. d3 b5 11. Nc2 b4 12. Ne3 bxc3 13. bxc3 exf4 14. gxf4 Ba6 15.
Nd2 Qd7 16. Ndc4 Rfe8 17. Qf3 Nd8 18. Bd2 Bb7 19. Rab1 Qc7 20. Qg3 Nh5 21. Qh4
Bf6 22. Qf2 Ne6 23. Rxb7 Rxb7 24. Nd5 Qd7 25. f5 Be5 26. fxe6 fxe6 27. Nxe5
dxe5 28. Nf6+ Nxf6 29. Qxf6 Qxd3 30. Bh6 Qd6 31. Bh3 1-0

[Event "Stockerau-Open 2010 A-Turnier"]
[Site "Stockerau"]
[Date "2010.05.13"]
[Round "1"]
[White "Granabetter, Josef"]
[Black "Wallner, Joachim"]
[Result "0-1"]
[WhiteElo "1988"]
[BlackElo "2255"]
[PlyCount "76"]
[EventDate "2010.05.13"]
[EventType "swiss"]
[EventCountry "AUT"]

1. e4 c5 2. Nf3 e6 3. d4 cxd4 4. Nxd4 a6 5. Bd3 Nf6 6. O-O Qc7 7. c4 b6 8. Nc3
Bb7 9. Qe2 d6 10. Be3 Be7 11. Rac1 Nbd7 12. f4 O-O 13. Kh1 Rfe8 14. Bg1 Bf8 15.
Nf3 g6 16. Ng5 Bg7 17. Bb1 Rec8 18. b3 h6 19. Nf3 Nh5 20. Nd2 Qd8 21. Qg4 b5
22. f5 Ne5 23. Qh3 bxc4 24. fxg6 fxg6 25. Ne2 cxb3 26. Qxb3 Rab8 27. Ba7 Bxe4
28. Bxb8 Bd5 29. Bc7 Qh4 30. Qe3 Ng4 31. Qg1 Bd4 32. Nf3 Bxf3 33. Rxf3 Bxg1 34.
Kxg1 Qxh2+ 35. Kf1 Qh1+ 36. Ng1 Nh2+ 37. Ke2 Nxf3 38. gxf3 Qg2+ 0-1

[Event "Stockerau-Open 2010 A-Turnier"]
[Site "Stockerau"]
[Date "2010.05.13"]
[Round "1"]
[White "Zetthofer, Gerald"]
[Black "Molnar, Attila"]
[Result "1-0"]
[WhiteElo "2249"]
[BlackElo "2084"]
[PlyCount "67"]
[EventDate "2010.05.13"]
[EventType "swiss"]
[EventCountry "AUT"]

1. c4 e5 2. Nc3 Nc6 3. g3 g6 4. Bg2 Bg7 5. Nf3 d6 6. O-O f5 7. d3 Nf6 8. Rb1 a5
9. a3 O-O 10. b4 axb4 11. axb4 h6 12. b5 Ne7 13. Qb3 Be6 14. Bb2 Nd7 15. Nd2
Nc5 16. Qc2 f4 17. Nb3 Nxb3 18. Qxb3 Qc8 19. Nd5 Nxd5 20. cxd5 Bh3 21. Rbc1
Bxg2 22. Kxg2 b6 23. Qc4 e4 24. Bxg7 f3+ 25. exf3 exf3+ 26. Kh1 Qh3 27. Rg1 Rf5
28. g4 Rf7 29. Bb2 Re8 30. Qc3 Kh7 31. Rce1 Ref8 32. Re4 Qg2+ 33. Rxg2 fxg2+
34. Kg1 1-0

[Event "Stockerau-Open 2010 A-Turnier"]
[Site "Stockerau"]
[Date "2010.05.13"]
[Round "1"]
[White "Stanivukovic, Drago"]
[Black "Sadilek, Maximilian"]
[Result "0-1"]
[WhiteElo "2045"]
[BlackElo "2207"]
[PlyCount "70"]
[EventDate "2010.05.13"]
[EventType "swiss"]
[EventCountry "AUT"]

1. e4 b6 2. d4 Bb7 3. Nc3 e6 4. a3 d6 5. d5 exd5 6. Nxd5 Nf6 7. Bg5 Nbd7 8. f3
h6 9. Bh4 g5 10. Bg3 Nxd5 11. exd5 Bg7 12. Rb1 Qe7+ 13. Be2 O-O-O 14. Kf1 f5
15. b4 h5 16. h4 Rdg8 17. Qd3 Be5 18. Bf2 gxh4 19. Qxf5 Qg7 20. Qh3 Bxd5 21.
Bxh4 Kb8 22. g3 Nf8 23. c4 Be6 24. Qg2 Ng6 25. Bg5 Nf4 26. Bxf4 Bxf4 27. g4 Qc3
28. Nh3 Be3 29. Nf2 Bxf2 30. Qxf2 hxg4 31. Rxh8 Rxh8 32. Kg1 g3 33. Qg2 Qe3+
34. Kf1 Rh1+ 35. Qxh1 Qf2# 0-1

[Event "Stockerau-Open 2010 A-Turnier"]
[Site "Stockerau"]
[Date "2010.05.13"]
[Round "1"]
[White "Trkulja, Zoran"]
[Black "Leupold, Christian"]
[Result "1-0"]
[WhiteElo "2212"]
[BlackElo "1876"]
[PlyCount "67"]
[EventDate "2010.05.13"]
[EventType "swiss"]
[EventCountry "AUT"]

1. e4 d5 2. exd5 Qxd5 3. Nc3 Qa5 4. g3 c6 5. Bg2 Nf6 6. d4 Bg4 7. Nge2 g6 8.
O-O Bg7 9. h3 Bf5 10. Rb1 Nbd7 11. b4 Qc7 12. Bf4 Qc8 13. g4 Be6 14. Bg3 O-O
15. Re1 Bc4 16. a4 a6 17. a5 Re8 18. Na4 Nd5 19. Qd2 e5 20. dxe5 Bxe5 21. Bxe5
Rxe5 22. Ng3 Rxe1+ 23. Rxe1 Nc7 24. Rd1 Be6 25. Ne4 Rb8 26. Nb6 Nxb6 27. axb6
Nd5 28. c4 Nxb6 29. Nf6+ Kf8 30. Qd6+ Kg7 31. Qd4 Qd8 32. Nh5+ Kf8 33. Qh8+ Ke7
34. Qf6+ 1-0

[Event "Stockerau-Open 2010 A-Turnier"]
[Site "Stockerau"]
[Date "2010.05.13"]
[Round "1"]
[White "Rauch, Christian"]
[Black "Schwab, Rene"]
[Result "0-1"]
[WhiteElo "1920"]
[BlackElo "2219"]
[PlyCount "128"]
[EventDate "2010.05.13"]
[EventType "swiss"]
[EventCountry "AUT"]

1. d4 Nf6 2. Nf3 g6 3. c4 c6 4. Nc3 d5 5. cxd5 cxd5 6. Bg5 Bg7 7. e3 O-O 8. h3
b6 9. Rc1 a6 10. Bd3 Be6 11. O-O Nbd7 12. Qe2 b5 13. b3 Qa5 14. Rc2 Rfc8 15.
Rfc1 Qd8 16. Qd2 Nb6 17. Ne5 Nfd7 18. Nf3 Nf6 19. Ne2 Rxc2 20. Rxc2 Rc8 21. Qc1
Rxc2 22. Qxc2 Qc8 23. Nf4 Qxc2 24. Bxc2 Bd7 25. Ne5 Be8 26. Ned3 a5 27. Nc5 h6
28. Bxf6 Bxf6 29. Nfd3 Bc6 30. f3 e6 31. Kf2 Kf8 32. Ke2 b4 33. Nf2 Ke7 34. g3
{remis} Nd7 35. Nxd7 Bxd7 36. f4 Kd6 37. Ng4 Bg7 38. Bd3 Be8 39. Nh2 f6 40. Nf3
{remis} e5 41. fxe5+ fxe5 42. dxe5+ Bxe5 43. Nxe5 Kxe5 44. h4 g5 45. hxg5 hxg5
46. Kd2 Bh5 47. Bh7 Bf3 48. Kd3 Bg2 49. Bg6 Bf1+ 50. Kd2 Bb5 51. Bh7 Bd7 52.
Kd3 Be6 53. Kd2 Bg4 54. Kd3 Bf3 55. Bg6 Bg2 56. Bh7 Bf1+ 57. Kd2 Bb5 58. Bg6 a4
59. Bc2 a3 60. Bh7 d4 61. exd4+ Kxd4 62. Bf5 Bc6 63. g4 Bd5 64. Bd7 Bxb3 0-1

[Event "Stockerau-Open 2010 A-Turnier"]
[Site "Stockerau"]
[Date "2010.05.13"]
[Round "1"]
[White "Schmid, Thomas"]
[Black "Loberg, Jo Kristian"]
[Result "1-0"]
[WhiteElo "2170"]
[BlackElo "1932"]
[PlyCount "127"]
[EventDate "2010.05.13"]
[EventType "swiss"]
[EventCountry "AUT"]

1. e4 c5 2. Nf3 d6 3. Bb5+ Nd7 4. c3 a6 5. Ba4 b5 6. Bc2 Ngf6 7. O-O h6 8. d4
e5 9. a4 Bb7 10. Qe2 c4 11. Rd1 Qb8 12. Nbd2 Qc7 13. Nf1 g6 14. Ng3 Bg7 15.
axb5 axb5 16. Rxa8+ Bxa8 17. dxe5 dxe5 18. b3 O-O 19. bxc4 bxc4 20. Ba3 Re8 21.
Bd6 Qa5 22. Bb4 Qc7 23. Ra1 Bf8 24. Bxf8 Kxf8 25. Qe3 Kg7 26. Ra7 Bb7 27. h3
Ra8 {remis} 28. Nh2 Rxa7 29. Qxa7 Qb6 30. Qxb6 Nxb6 31. Kf1 Nfd7 32. Ke2 Nc5
33. Ke3 Ne6 34. Ne2 h5 35. h4 Bc6 36. g3 f6 37. f4 Nd7 38. Nf3 Kf7 39. Nd2 Nb6
40. Nf3 Nd7 41. Neg1 Ke7 42. Nd2 Nb6 43. Bd1 Nc5 44. Ngf3 Kd6 45. Be2 Bb5 46.
Nb1 Nca4 47. Na3 Ba6 48. Nb1 Bb5 49. Nfd2 Ba6 50. Bd1 Bb5 51. Bf3 Be8 52. Be2
Bb5 53. Na3 Nxc3 54. Nxb5+ Nxb5 55. Nxc4+ Kc5 56. Nxb6 Kxb6 57. f5 gxf5 58.
Bxh5 Nd6 59. Bf3 Kc7 60. h5 fxe4 61. Bxe4 f5 62. Bd5 Kd8 63. h6 f4+ 64. Ke2 1-0

[Event "Stockerau-Open 2010 A-Turnier"]
[Site "Stockerau"]
[Date "2010.05.13"]
[Round "1"]
[White "Lahofer, Christian"]
[Black "Schirmbeck, Hannes"]
[Result "1/2-1/2"]
[WhiteElo "1836"]
[BlackElo "2176"]
[PlyCount "66"]
[EventDate "2010.05.13"]
[EventType "swiss"]
[EventCountry "AUT"]

1. d4 Nf6 2. c4 g6 3. Nc3 d5 4. cxd5 Nxd5 5. e4 Nxc3 6. bxc3 Bg7 7. Bc4 c5 8.
Ne2 Nc6 9. Be3 O-O 10. O-O Bg4 11. f3 cxd4 12. cxd4 Bd7 13. Rb1 Na5 14. Bb5 Rc8
15. d5 a6 16. Bxd7 Qxd7 17. Bd4 b5 18. Bxg7 Kxg7 19. Nd4 Rc4 20. Qd2 Qc7 21.
Rfc1 Rc8 22. Rxc4 Nxc4 23. Qf2 Qf4 24. Nc6 Kf8 25. Qd4 Qe3+ 26. Qxe3 Nxe3 27.
Kf2 Nc4 28. Ke2 e6 29. Kd3 Rc7 30. a4 exd5 31. exd5 Nb6 32. axb5 axb5 33. Rxb5
Nxd5 1/2-1/2

[Event "Stockerau-Open 2010 A-Turnier"]
[Site "Stockerau"]
[Date "2010.05.13"]
[Round "1"]
[White "Batyte, Daiva"]
[Black "Andrejevski, Branko"]
[Result "1-0"]
[WhiteElo "2124"]
[BlackElo "1833"]
[PlyCount "117"]
[EventDate "2010.05.13"]
[EventType "swiss"]
[EventCountry "AUT"]

1. c4 Nf6 2. Nc3 e6 3. e4 d6 4. d4 Be7 5. Nf3 O-O 6. Bd3 c5 7. dxc5 dxc5 8. e5
Ne8 9. O-O Nc6 10. a3 b6 11. Ne4 Bb7 12. Bf4 Nd4 13. Nxd4 Qxd4 14. Qe2 Qd7 15.
Rad1 Qc6 16. f3 Bh4 17. Bc2 Rd8 18. Rxd8 Bxd8 19. Qd3 f5 20. Qxd8 fxe4 21. Bxe4
Qc8 22. Qxc8 Bxc8 23. Be3 Rf7 24. f4 g6 25. g4 Bb7 26. Bc2 Bc6 27. b4 Rd7 28.
bxc5 bxc5 29. Bxc5 Rd2 30. Rf2 Rd7 31. Be3 Rb7 32. Bd4 Re7 33. Rd2 Bf3 34. h3
Bc6 35. Kf2 Rc7 36. Ke3 Kf7 37. Bb3 h5 38. Bc5 hxg4 39. hxg4 g5 40. f5 exf5 41.
gxf5 Ng7 42. Rf2 g4 43. e6+ Nxe6 44. fxe6+ Kxe6 45. Bd1 Bf3 46. Bxf3 gxf3 47.
Kd4 Rf7 48. Kd3 Ke5 49. Bd4+ Kf4 50. c5 Rb7 51. c6 Rc7 52. Rc2 Kf5 53. Bf2 Ke6
54. Bg3 Rc8 55. Ke3 Rf8 56. c7 Kd7 57. Rd2+ Kc8 58. Rb2 Kd7 59. Rb8 1-0

[Event "Stockerau-Open 2010 A-Turnier"]
[Site "Stockerau"]
[Date "2010.05.13"]
[Round "1"]
[White "Halvorsen, Harald"]
[Black "Juenger, Heinz"]
[Result "0-1"]
[WhiteElo "1830"]
[BlackElo "2086"]
[PlyCount "110"]
[EventDate "2010.05.13"]
[EventType "swiss"]
[EventCountry "AUT"]

1. e4 c5 2. d4 cxd4 3. c3 d3 4. Bxd3 d6 5. c4 Nf6 6. h3 e6 7. Nf3 Nbd7 8. Nc3
a6 9. O-O Be7 10. Be3 b6 11. Qd2 Bb7 12. Rfe1 Qc7 13. Rac1 h6 14. b4 Rc8 15. a3
g5 16. Bd4 Rg8 17. e5 g4 18. exf6 gxf3 19. Nd5 Rxg2+ 20. Kh1 Qb8 21. fxe7 Bxd5
22. cxd5 Rxc1 23. Qxc1 Kxe7 24. Rg1 Qg8 25. Qf1 Qg5 26. Rxg2 fxg2+ 27. Qxg2
Qc1+ 28. Qf1 Qxa3 29. Bxa6 Qf3+ 30. Kg1 Qxd5 31. Be3 Qf5 32. Bd3 Qh5 33. b5 d5
34. Be2 Qf5 35. Qg2 d4 36. Bxh6 d3 37. Bd1 f6 38. Qg7+ Kd6 39. Qg3+ Ke7 40.
Qg7+ Kd6 41. Qg4 Qxb5 42. Qd4+ Ke7 43. Ba4 Qb1+ 44. Kg2 b5 45. Bd2 bxa4 46.
Bb4+ Kd8 47. Qd6 Qb3 48. Qe7+ Kc8 49. Qe8+ Kc7 50. Ba5+ Kd6 51. Qd8 Qb7+ 52.
Kg3 a3 53. Bc3 Qd5 54. Qe8 d2 55. Bb4+ Kc7 0-1

[Event "Stockerau-Open 2010 A-Turnier"]
[Site "Stockerau"]
[Date "2010.05.13"]
[Round "2"]
[White "Polak, Thomas"]
[Black "Trkulja, Zoran"]
[Result "1-0"]
[WhiteElo "2500"]
[BlackElo "2212"]
[PlyCount "21"]
[EventDate "2010.05.13"]
[EventType "swiss"]
[EventCountry "AUT"]

1. d4 f5 2. Bg5 Nf6 3. Bxf6 exf6 4. e3 d5 5. c4 Bb4+ 6. Nc3 O-O 7. Bd3 dxc4 8.
Bxc4+ Kh8 9. Nge2 a6 10. Nf4 Bd6 11. Ng6+ 1-0

[Event "Stockerau-Open 2010 A-Turnier"]
[Site "Stockerau"]
[Date "2010.05.13"]
[Round "2"]
[White "Schwab, Rene"]
[Black "Groetz, Harald"]
[Result "1/2-1/2"]
[WhiteElo "2219"]
[BlackElo "2332"]
[PlyCount "87"]
[EventDate "2010.05.13"]
[EventType "swiss"]
[EventCountry "AUT"]

1. e4 c5 2. Nf3 e6 3. d4 cxd4 4. Nxd4 a6 5. c4 Nf6 6. Nc3 Bb4 7. Qf3 d6 8. Bd2
Nbd7 9. Bd3 Ne5 10. Qe2 Bc5 11. Nc2 Nfg4 12. Nd1 Qh4 13. g3 Qh5 14. Nde3 Nxd3+
15. Qxd3 Ne5 16. Qe2 Qf3 17. Qxf3 Nxf3+ 18. Ke2 Nxd2 19. Kxd2 a5 20. b3 Bd7 21.
Kd3 b5 22. Nd4 b4 23. a3 bxa3 24. Ndc2 Ke7 25. Rhb1 g5 26. Nxa3 h5 27. Nac2
Rhb8 28. f3 Ra7 29. b4 axb4 30. Rxa7 Bxa7 31. Rxb4 Ra8 32. f4 Bc5 33. Rb7 gxf4
34. gxf4 Kd8 35. Rb1 Kc7 36. Rg1 Ra2 37. Rg7 Bxe3 38. Nxe3 Rxh2 39. Rxf7 Kd8
40. Rh7 Ke8 41. Rh8+ Ke7 42. Rh7+ Ke8 43. Rh8+ Ke7 44. Rh7+ 1/2-1/2

[Event "Stockerau-Open 2010 A-Turnier"]
[Site "Stockerau"]
[Date "2010.05.13"]
[Round "2"]
[White "Wallner, Joachim"]
[Black "Schmid, Thomas"]
[Result "0-1"]
[WhiteElo "2255"]
[BlackElo "2170"]
[PlyCount "135"]
[EventDate "2010.05.13"]
[EventType "swiss"]
[EventCountry "AUT"]

1. e4 c5 2. Nf3 d6 3. d4 cxd4 4. Nxd4 Nf6 5. Nc3 a6 6. Bg5 e6 7. f4 Qb6 8. Qd2
Nc6 9. Nb3 Ng4 10. h3 Qe3+ 11. Qe2 Qg3+ 12. Kd2 Nf2 13. Rh2 h6 14. Bh4 Qxf4+
15. Qe3 Qxh4 16. g3 Ng4 17. gxh4 Nxe3 18. Kxe3 h5 19. Na4 Be7 20. Nb6 Rb8 21.
Rd2 O-O 22. Nc4 Rd8 23. Rad1 d5 24. exd5 exd5 25. Rxd5 Rxd5 26. Rxd5 Be6 27.
Rd1 b5 28. Nca5 Nxa5 29. Nxa5 Rc8 30. c3 Bxa2 31. Bg2 Bxh4 32. Rd6 Bg5+ 33. Kf2
Rd8 34. Rxd8+ Bxd8 35. Nc6 Bb6+ 36. Ke1 Be6 37. Nb4 a5 38. Nd5 Bxd5 39. Bxd5
Kf8 40. Kd2 Bc5 41. Kd3 Ke7 42. Bc6 b4 43. Kc4 Bd6 44. Kb5 bxc3 45. bxc3 Bc7
46. Bf3 g6 47. c4 f5 48. c5 Ke6 49. Kc6 Bd8 50. Bd1 h4 51. Bb3+ Ke7 52. Bc2 Ke6
53. Bb3+ Ke5 54. Kd7 Kd4 55. Kxd8 Kxc5 56. Ke7 Kb4 57. Bd5 a4 58. Kf6 a3 59.
Kxg6 f4 60. Kg5 f3 61. Bxf3 a2 62. Kxh4 a1=Q 63. Kg4 Qf6 64. Kg3 Kc5 65. h4 Kd4
66. h5 Ke3 67. Bg2 Qf2+ 68. Kh3 0-1

[Event "Stockerau-Open 2010 A-Turnier"]
[Site "Stockerau"]
[Date "2010.05.13"]
[Round "2"]
[White "Juenger, Heinz"]
[Black "Zetthofer, Gerald"]
[Result "1/2-1/2"]
[WhiteElo "2086"]
[BlackElo "2249"]
[PlyCount "95"]
[EventDate "2010.05.13"]
[EventType "swiss"]
[EventCountry "AUT"]

1. e4 e6 2. d4 d5 3. Nc3 Bb4 4. e5 b6 5. a3 Bf8 6. Nf3 Qd7 7. Bb5 c6 8. Ba4 Ba6
9. Ne2 Ne7 10. O-O Nf5 11. Re1 Bxe2 12. Qxe2 Be7 13. c3 h5 14. Bg5 Bxg5 15.
Nxg5 Qe7 16. f4 Kf8 17. Bc2 g6 18. Bxf5 gxf5 19. Rad1 c5 20. Rd3 Nc6 21. Red1
h4 22. Rh3 Ke8 23. Qf2 Kd7 24. Rxh4 Kc7 25. Rxh8 Rxh8 26. Nf3 c4 27. h3 b5 28.
Kh2 a5 29. Rg1 Qf8 30. Ng5 Kd7 31. Qc2 a4 32. g3 Ne7 33. Kg2 Ke8 34. Qc1 Qh6
35. Rh1 Qg6 {remis} 36. Rh2 Qh5 37. Qd2 Kf8 38. Kf2 Qg6 39. Ke3 Ke8 40. Qg2 Kf8
41. Kd2 Ke8 42. Nf3 Rg8 43. Ng5 Rh8 44. Rh1 Qh5 45. Nf3 Qg6 46. Ne1 Rg8 47. Rg1
Qh5 48. Nf3 1/2-1/2

[Event "Stockerau-Open 2010 A-Turnier"]
[Site "Stockerau"]
[Date "2010.05.13"]
[Round "2"]
[White "Sadilek, Maximilian"]
[Black "Batyte, Daiva"]
[Result "1/2-1/2"]
[WhiteElo "2207"]
[BlackElo "2124"]
[PlyCount "64"]
[EventDate "2010.05.13"]
[EventType "swiss"]
[EventCountry "AUT"]

1. e4 e5 2. Nf3 Nf6 3. Nxe5 d6 4. Nf3 Nxe4 5. Nc3 Nxc3 6. dxc3 Be7 7. Be3 Nd7
8. Qd2 Ne5 9. Be2 Nxf3+ 10. Bxf3 c6 11. O-O d5 12. Rfe1 O-O 13. Rad1 Bf5 14. g3
Bf6 15. h4 Re8 16. Bd4 Bxd4 17. Rxe8+ Qxe8 18. cxd4 Qd7 19. Re1 Re8 20. c3 h6
21. Re3 Re6 22. Qe1 Qe7 23. Rxe6 Qxe6 24. Qxe6 Bxe6 25. Kf1 f6 26. Ke2 Kf7 27.
Ke3 g5 28. hxg5 fxg5 29. Bh5+ Kf6 30. Be8 Ke7 31. Bh5 Kf6 32. b4 Bf7 1/2-1/2

[Event "Stockerau-Open 2010 A-Turnier"]
[Site "Stockerau"]
[Date "2010.05.13"]
[Round "2"]
[White "Schirmbeck, Hannes"]
[Black "Ebner, Johann"]
[Result "1/2-1/2"]
[WhiteElo "2176"]
[BlackElo "2047"]
[PlyCount "95"]
[EventDate "2010.05.13"]
[EventType "swiss"]
[EventCountry "AUT"]

1. e4 e6 2. d3 d5 3. Nd2 dxe4 4. dxe4 e5 5. Ngf3 Nc6 6. Bb5 Bc5 7. O-O Bg4 8.
h3 Bxf3 9. Qxf3 Qf6 10. Qg3 Nge7 11. Nf3 O-O 12. c3 a6 13. Ba4 b5 14. Bc2 Qg6
15. Qh4 Nc8 16. g4 Re8 17. Qg3 Nd6 18. Nh4 Qe6 19. Bb3 Nc4 20. Nf5 N6a5 21. Bc2
Nb7 22. h4 Rad8 23. Bg5 f6 24. Bc1 Qc6 25. b3 Ncd6 26. Qg2 Nxf5 27. gxf5 Kh8
28. Kh1 Nd6 29. Qf3 Bb6 30. Rg1 b4 31. c4 Bd4 32. Rb1 Qb7 33. Rg2 c5 34. Bd2
Rg8 35. Rbg1 a5 36. Rg3 Qf7 37. h5 Ra8 38. Bd1 Qb7 39. Rg4 Qf7 40. Rh4 Qb7 41.
Qg2 Qf7 42. Rh3 Rad8 43. Rg3 Rc8 44. Bf3 Rcd8 45. Bc1 Rc8 46. Rg6 Rcd8 47. Qh2
Qb7 48. h6 1/2-1/2

[Event "Stockerau-Open 2010 A-Turnier"]
[Site "Stockerau"]
[Date "2010.05.13"]
[Round "2"]
[White "Amberger, Dieter"]
[Black "Lahofer, Christian"]
[Result "1/2-1/2"]
[WhiteElo "2063"]
[BlackElo "1836"]
[PlyCount "107"]
[EventDate "2010.05.13"]
[EventType "swiss"]
[EventCountry "AUT"]

1. d4 d5 2. c4 e6 3. Nc3 Nf6 4. cxd5 exd5 5. Bg5 Be7 6. e3 O-O 7. Bd3 Nbd7 8.
Qc2 h6 9. Bh4 c5 10. Nf3 cxd4 11. Nxd4 Ne5 12. Bf5 Bxf5 13. Qxf5 Ng6 14. Bg3
Bb4 15. O-O Bxc3 16. bxc3 Ne4 17. c4 Nxg3 18. hxg3 dxc4 19. Rfc1 Rc8 20. Rab1
b6 21. Rb5 a6 22. Rd5 Qe7 23. Qb1 Qb7 24. Rd6 b5 25. Nf5 Rc6 26. Rcd1 Rxd6 27.
Rxd6 Rc8 28. Qd1 Qe4 29. Rd8+ Rxd8 30. Qxd8+ Kh7 31. Qd7 Qe6 32. Qxe6 fxe6 33.
Nd4 e5 34. Nc2 Kg8 35. Kf1 Kf7 36. a4 bxa4 37. Na3 Ke7 38. Ke2 Kd7 39. Nxc4 Kc6
40. Kd3 Kc5 41. Kc3 e4 42. Nd2 Kd5 43. Kb4 Ne5 44. f3 exf3 45. gxf3 Nxf3 46.
Nxf3 Ke4 47. Nd4 Kxe3 48. Nf5+ Kf3 49. Kxa4 g6 50. Nxh6 Kxg3 51. Ka5 Kf4 52.
Kxa6 Kg5 53. Nf7+ Kf6 54. Nd6 1/2-1/2

[Event "Stockerau-Open 2010 A-Turnier"]
[Site "Stockerau"]
[Date "2010.05.13"]
[Round "2"]
[White "Leupold, Christian"]
[Black "Kirchmayr, Wilhelm"]
[Result "1-0"]
[WhiteElo "1876"]
[BlackElo "2077"]
[PlyCount "35"]
[EventDate "2010.05.13"]
[EventType "swiss"]
[EventCountry "AUT"]

1. Nf3 e6 2. c4 b6 3. g3 Bb7 4. Bg2 Nf6 5. O-O Be7 6. b3 O-O 7. Bb2 d5 8. e3 c5
9. Nc3 Nbd7 10. cxd5 Nxd5 11. d4 Rc8 12. Rc1 cxd4 13. Nxd4 Nxc3 14. Bxc3 Bxg2
15. Kxg2 Nc5 16. Qg4 Qd5+ 17. Kg1 f5 18. Nxf5 1-0

[Event "Stockerau-Open 2010 A-Turnier"]
[Site "Stockerau"]
[Date "2010.05.13"]
[Round "2"]
[White "Loberg, Jo Kristian"]
[Black "Granabetter, Josef"]
[Result "1-0"]
[WhiteElo "1932"]
[BlackElo "1988"]
[PlyCount "65"]
[EventDate "2010.05.13"]
[EventType "swiss"]
[EventCountry "AUT"]

1. e4 c5 2. Nf3 e6 3. d4 cxd4 4. Nxd4 a6 5. Nc3 Qc7 6. Be3 Nf6 7. a3 b5 8. Be2
Bb7 9. Bf3 Nc6 10. Nxc6 Bxc6 11. O-O Be7 12. Qd2 O-O 13. Bf4 d6 14. Qe3 Nd7 15.
Rfd1 Ne5 16. Bxe5 dxe5 17. Rd3 Rad8 18. Rad1 Rxd3 19. Rxd3 f5 20. exf5 Bxf3 21.
Qxf3 Rxf5 22. Qa8+ Kf7 23. Qxa6 Qc5 24. Rf3 Rxf3 25. gxf3 Bh4 26. Ne4 Qxc2 27.
Qxb5 Qd1+ 28. Kg2 Qd4 29. a4 Bd8 30. a5 g5 31. h3 h5 32. Qb7+ Kg6 33. a6 1-0

[Event "Stockerau-Open 2010 A-Turnier"]
[Site "Stockerau"]
[Date "2010.05.13"]
[Round "2"]
[White "Molnar, Attila"]
[Black "Rauch, Christian"]
[Result "1-0"]
[WhiteElo "2084"]
[BlackElo "1920"]
[PlyCount "93"]
[EventDate "2010.05.13"]
[EventType "swiss"]
[EventCountry "AUT"]

1. e4 c6 2. d4 d5 3. exd5 cxd5 4. Bd3 Nc6 5. c3 Nf6 6. Bf4 a6 7. Nd2 b5 8. a3
g6 9. Ngf3 Bg7 10. O-O O-O 11. Re1 Re8 12. Ne5 Nxe5 13. Bxe5 Nd7 14. Bxg7 Kxg7
15. Nf3 Bb7 16. Qd2 Qc7 17. Re2 e5 18. dxe5 Nxe5 19. Nxe5 Rxe5 20. Rxe5 Qxe5
21. Re1 Qf6 22. Qe3 Bc6 23. Qd4 Qxd4 24. cxd4 Bd7 25. h4 Re8 26. Kf1 Rxe1+ {
remis} 27. Kxe1 Kf6 28. a4 Ke6 29. Kd2 Kd6 30. Kc3 Kc6 31. Kb4 Kb6 32. a5+ Kc6
33. h5 Bg4 34. h6 Bd7 35. f3 f5 36. g4 Kd6 37. gxf5 Bxf5 38. Bxb5 axb5 39. Kxb5
Kc7 40. Kc5 Be6 41. b4 g5 42. a6 Bf7 43. b5 Bh5 44. b6+ Kb8 45. Kd6 Bf7 46. a7+
Kb7 47. a8=Q+ 1-0

[Event "Stockerau-Open 2010 A-Turnier"]
[Site "Stockerau"]
[Date "2010.05.13"]
[Round "2"]
[White "Andrejevski, Branko"]
[Black "Stanivukovic, Drago"]
[Result "1-0"]
[WhiteElo "1833"]
[BlackElo "2045"]
[PlyCount "77"]
[EventDate "2010.05.13"]
[EventType "swiss"]
[EventCountry "AUT"]

1. d4 g6 2. c3 Bg7 3. Nf3 d5 4. Bf4 Nf6 5. Nbd2 Nh5 6. Be5 f6 7. Bg3 Nc6 8. e4
dxe4 9. Nxe4 f5 10. Neg5 f4 11. Qb3 e6 12. Bd3 fxg3 13. hxg3 O-O 14. Nxh7 Rxf3
15. gxf3 Qd5 16. Bxg6 Qxb3 17. axb3 Nf6 18. Ng5 Kf8 19. O-O-O a5 20. Rhe1 Bh6
21. f4 Bxg5 22. fxg5 Kg7 23. Bc2 Ng4 24. f3 Nf2 25. Rd2 Nh3 26. f4 Bd7 27. Rh1
Rh8 28. Rdh2 e5 29. dxe5 Bg4 30. Be4 Rd8 31. Rxh3 Bxh3 32. Rxh3 Ne7 33. Rh7+
Kf8 34. g6 c6 35. f5 Ng8 36. f6 Rc8 37. Rf7+ Ke8 38. Rxb7 Nh6 39. Rh7 1-0

[Event "Stockerau-Open 2010 A-Turnier"]
[Site "Stockerau"]
[Date "2010.05.14"]
[Round "3"]
[White "Schmid, Thomas"]
[Black "Polak, Thomas"]
[Result "1/2-1/2"]
[WhiteElo "2170"]
[BlackElo "2500"]
[PlyCount "103"]
[EventDate "2010.05.13"]
[EventType "swiss"]
[EventCountry "AUT"]

1. c4 c5 2. Nf3 g6 3. e3 d5 4. cxd5 Qxd5 5. d4 Bg7 6. Be2 cxd4 7. exd4 Nf6 8.
Nc3 Qd8 9. O-O O-O 10. Qb3 Nc6 11. Rd1 Na5 12. Qa3 Be6 13. Ng5 Bd5 14. Nxd5
Nxd5 15. Qh3 h6 16. Nf3 Qc8 17. Qg3 Qc2 18. Rd2 Qe4 19. Bd3 Qf4 20. Qh3 h5 21.
Rd1 Qd6 22. Ne5 Nb4 23. Nc4 Nxc4 24. Bxc4 Nc2 25. Rb1 Qc6 26. Bd3 Nxd4 27. Be3
Rad8 28. Qh4 e5 29. Qe4 Qa4 30. Qxb7 Qxa2 31. Bxd4 Rxd4 32. Bf1 Rxd1 33. Rxd1
a5 34. b3 Qc2 35. Qd5 e4 36. Rd2 Qc3 37. g3 e3 38. fxe3 Qxe3+ 39. Kg2 Kh7 40.
Bc4 Rb8 41. Re2 Qc3 42. Qxf7 Rf8 43. Qd5 Rf5 44. Qe4 Bd4 45. h4 a4 46. Bd3 axb3
47. Qe7+ Bg7 48. Bxf5 gxf5 49. Qg5 Qc6+ 50. Kh2 Qg6 51. Qxg6+ Kxg6 52. Re6+
1/2-1/2

[Event "Stockerau-Open 2010 A-Turnier"]
[Site "Stockerau"]
[Date "2010.05.14"]
[Round "3"]
[White "Groetz, Harald"]
[Black "Juenger, Heinz"]
[Result "1-0"]
[WhiteElo "2332"]
[BlackElo "2086"]
[PlyCount "45"]
[EventDate "2010.05.13"]
[EventType "swiss"]
[EventCountry "AUT"]

1. e4 c5 2. Nc3 e6 3. Nge2 Nc6 4. d4 cxd4 5. Nxd4 a6 6. g3 Qc7 7. Bg2 Nf6 8.
O-O d6 9. Re1 Be7 10. Nxc6 bxc6 11. e5 dxe5 12. Rxe5 O-O 13. Re1 Rd8 14. Qf3
Bb7 15. Bf4 Bd6 16. Bxd6 Rxd6 17. Rad1 Rad8 18. Rxd6 Rxd6 19. Rd1 h6 20. h3
Rxd1+ 21. Nxd1 Qa5 22. Qc3 Qxa2 23. Qb4 1-0